[Event "Karposh Open 2013"]
[Site "Skopje MKD"]
[Date "2013.03.09"]
[Round "1.44"]
[White "Nikolovski, Nikola"]
[Black "Indjic, Aleksandar"]
[Result "0-1"]
[WhiteElo "1965"]
[BlackElo "2502"]
[PlyCount "170"]
[EventDate "2013.03.09"]
[EventType "swiss"]
[EventRounds "9"]
[EventCountry "MKD"]
[Source "lmi"]
[SourceDate "2013.03.09"]

1. e4 d6 2. d4 Nf6 3. Nc3 e5 4. dxe5 dxe5 5. Qxd8+ Kxd8 6. Bg5 c6 7. O-O-O+
Nbd7 8. Bc4 Ke8 9. a4 a5 10. f3 Bc5 11. Nge2 h6 12. Bd2 Nf8 13. Na2 Be6 14.
Bxe6 Nxe6 15. c3 Nd7 16. Kc2 g6 17. Nac1 Ke7 18. Nd3 Bb6 19. b3 h5 20. h4 Bc7
21. Be3 f5 22. Bf2 fxe4 23. fxe4 Nf6 24. Ng3 Ng4 25. Rhf1 Rad8 26. Bg1 Rd7 27.
Nc5 Rxd1 28. Rxd1 Nxc5 29. Bxc5+ Ke6 30. Nf1 Rg8 31. Nd2 g5 32. hxg5 Rxg5 33.
Nf3 Rg8 34. Rd2 Nf6 35. Re2 Rg4 36. Kd3 h4 37. Bf2 Nh5 38. Be3 Bd8 39. Bd2 Rg3
40. Rf2 Nf6 41. Be1 Rg4 42. Re2 Nh5 43. Bd2 Be7 44. b4 axb4 45. cxb4 Bxb4 46.
Ng5+ Kd7 47. Nf7 Rg3+ 48. Kc4 Bd6 49. Be1 Rg4 50. Nh6 Rf4 51. Nf5 Nf6 52. Kd3
Nxe4 53. Rxe4 Rxf5 54. Rxh4 Ke6 55. Ke4 Be7 56. Rh6+ Bf6 57. Bd2 Rf2 58. Bg5
Kf7 59. Bxf6 Rxf6 60. Rh7+ Ke6 61. g3 Rg6 62. Rxb7 Rxg3 63. Ra7 Kd6 64. Ra5
Rg4+ 65. Kd3 Rh4 66. Ke3 Rd4 67. Ra8 Kd5 68. a5 Ra4 69. a6 Ra3+ 70. Kd2 Kd4 71.
a7 Ra2+ 72. Kd1 Kc3 73. Rc8 Rxa7 74. Rxc6+ Kd3 75. Ke1 e4 76. Rh6 Ra1+ 77. Kf2
e3+ 78. Kf3 Rf1+ 79. Kg2 Rf7 80. Rd6+ Ke2 81. Re6 Rg7+ 82. Kh2 Kf2 83. Rf6+ Ke1
84. Re6 e2 85. Re8 Rd7 0-1

[Event "Karposh Open 2013"]
[Site "Skopje MKD"]
[Date "2013.03.09"]
[Round "1.55"]
[White "Kohlweyer, Bernd"]
[Black "Zdravkovic, Dragan S"]
[Result "1-0"]
[WhiteElo "2458"]
[BlackElo "1913"]
[PlyCount "69"]
[EventDate "2013.03.09"]
[EventType "swiss"]
[EventRounds "9"]
[EventCountry "MKD"]
[Source "lmi"]
[SourceDate "2013.03.09"]

1. d4 Nf6 2. c4 c5 3. d5 e6 4. Nc3 exd5 5. cxd5 d6 6. e4 a6 7. a4 g6 8. Nge2
Bg7 9. Ng3 O-O 10. Be2 Nbd7 11. O-O Re8 12. f3 Rb8 13. Be3 Qc7 14. Qd2 c4 15.
Rfc1 b5 16. axb5 axb5 17. b4 Ne5 18. h3 h5 19. Ra5 Qd7 20. Nh1 Nh7 21. f4 Nd3
22. Bxd3 cxd3 23. Qxd3 Bxc3 24. Rxc3 f5 25. e5 Qe7 26. Rc6 dxe5 27. Ra7 Bb7 28.
Rxg6+ Kh8 29. Bc5 Qf7 30. Rd6 Nf8 31. Bd4 Kg8 32. Qg3+ Qg7 33. Qxg7+ Kxg7 34.
Bxe5+ Kg8 35. Ng3 1-0

[Event "Karposh Open 2013"]
[Site "Skopje MKD"]
[Date "2013.03.10"]
[Round "2.48"]
[White "Raznikov, Danny"]
[Black "Klemencic, Gorazd"]
[Result "1-0"]
[WhiteElo "2474"]
[BlackElo "2225"]
[PlyCount "67"]
[EventDate "2013.03.09"]
[EventType "swiss"]
[EventRounds "9"]
[EventCountry "MKD"]
[Source "lmi"]
[SourceDate "2013.03.09"]

1. d4 Nf6 2. c4 e6 3. Nc3 Bb4 4. e3 b6 5. Nge2 Bb7 6. a3 Bxc3+ 7. Nxc3 d5 8.
cxd5 exd5 9. Be2 Nbd7 10. O-O O-O 11. b4 Qe7 12. Qb3 a6 13. a4 c6 14. a5 b5 15.
f3 Rfe8 16. Bd3 Nf8 17. Ra2 Rad8 18. g4 Bc8 19. Rg2 h6 20. Ne2 N6h7 21. Bd2 Rd6
22. Ng3 g6 23. Qd1 Kh8 24. Kh1 Ne6 25. Qe1 Ng7 26. Qf2 Rf8 27. e4 dxe4 28. Nxe4
Rd5 29. Re1 Qd8 30. Bxh6 f5 31. gxf5 Bxf5 32. Ng5 Bxd3 33. Bxg7+ Kxg7 34. Ne6+
1-0

[Event "Karposh Open 2013"]
[Site "Skopje MKD"]
[Date "2013.03.10"]
[Round "2.76"]
[White "Konstantinov, Aleksandar"]
[Black "Yurtseven, Melih"]
[Result "0-1"]
[WhiteElo "1796"]
[BlackElo "2135"]
[PlyCount "42"]
[EventDate "2013.03.09"]
[EventType "swiss"]
[EventRounds "9"]
[EventCountry "MKD"]
[Source "lmi"]
[SourceDate "2013.03.09"]

1. c4 Nc6 2. Nc3 Nf6 3. d3 e5 4. g3 Bb4 5. Bg2 h6 6. e4 d6 7. Nge2 Bg4 8. O-O
Qd7 9. Be3 Bxc3 10. bxc3 Bh3 11. f3 h5 12. d4 h4 13. g4 Bxg2 14. Kxg2 Nxg4 15.
fxg4 Qxg4+ 16. Kf2 Qxe4 17. Qb1 Qxb1 18. Raxb1 b6 19. Rg1 Rh7 20. Rbf1 f6 21.
Ke1 Na5 0-1

[Event "Karposh Open 2013"]
[Site "Skopje MKD"]
[Date "2013.03.10"]
[Round "3.1"]
[White "Dvirnyy, Danyyil"]
[Black "Berkes, Ferenc"]
[Result "1/2-1/2"]
[WhiteElo "2530"]
[BlackElo "2702"]
[PlyCount "22"]
[EventDate "2013.03.09"]
[EventType "swiss"]
[EventRounds "9"]
[EventCountry "MKD"]
[Source "lmi"]
[SourceDate "2013.03.09"]

1. d4 Nf6 2. c4 e6 3. Nc3 Bb4 4. Qc2 O-O 5. Bg5 d6 6. e3 b6 7. Nge2 Bb7 8. a3
Bxc3+ 9. Nxc3 Nbd7 10. e4 h6 11. Bh4 e5 1/2-1/2

[Event "Karposh Open 2013"]
[Site "Skopje MKD"]
[Date "2013.03.10"]
[Round "3.14"]
[White "Kovacevic, Aleksandar"]
[Black "Perunovic, Miodrag"]
[Result "1-0"]
[WhiteElo "2563"]
[BlackElo "2445"]
[PlyCount "71"]
[EventDate "2013.03.09"]
[EventType "swiss"]
[EventRounds "9"]
[EventCountry "MKD"]
[Source "lmi"]
[SourceDate "2013.03.09"]

1. e4 c6 2. Nc3 d5 3. Nf3 Bg4 4. h3 Bh5 5. exd5 cxd5 6. Bb5+ Nc6 7. g4 Bg6 8.
Ne5 Rc8 9. d4 e6 10. Qe2 Bb4 11. h4 Nge7 12. h5 Be4 13. f3 O-O 14. Nxc6 Nxc6
15. Be3 a6 16. Bxc6 Rxc6 17. fxe4 Rxc3 18. bxc3 Bxc3+ 19. Kf2 Bxa1 20. Rxa1
dxe4 21. Kg2 f5 22. Rf1 b5 23. c4 Qd7 24. c5 h6 25. Qc2 Kh7 26. c6 Qe7 27. c7
Qh4 28. Rf4 Rc8 29. Qc6 Qe7 30. gxf5 Rxc7 31. Qxe4 Qg5+ 32. Kf1 Qxh5 33. fxe6+
Kg8 34. Qa8+ Kh7 35. Qe4+ Kg8 36. e7 1-0

[Event "Karposh Open 2013"]
[Site "Skopje MKD"]
[Date "2013.03.10"]
[Round "3.24"]
[White "Jacimovic, Dragoljub"]
[Black "Stevic, Hrvoje"]
[Result "0-1"]
[WhiteElo "2433"]
[BlackElo "2620"]
[PlyCount "50"]
[EventDate "2013.03.09"]
[EventType "swiss"]
[EventRounds "9"]
[EventCountry "MKD"]
[Source "lmi"]
[SourceDate "2013.03.09"]

1. d4 Nf6 2. c4 e6 3. Nc3 Bb4 4. e3 b6 5. Nge2 c5 6. a3 Ba5 7. g3 Bb7 8. d5 b5
9. Bg2 bxc4 10. O-O O-O 11. e4 exd5 12. e5 Ng4 13. f4 d6 14. h3 dxe5 15. Nxd5
e4 16. Bxe4 Qd7 17. hxg4 Rd8 18. Qc2 Bxd5 19. Bxh7+ Kf8 20. Be4 Nc6 21. Nc3
Bxc3 22. bxc3 Qxg4 23. Rf3 Bxe4 24. Qxe4 Rd1+ 25. Kf2 Qh3 0-1

[Event "Karposh Open 2013"]
[Site "Skopje MKD"]
[Date "2013.03.10"]
[Round "3.37"]
[White "Nedev, Trajko"]
[Black "Nikolaidis, Konstantinos"]
[Result "1-0"]
[WhiteElo "2506"]
[BlackElo "2248"]
[PlyCount "69"]
[EventDate "2013.03.09"]
[EventType "swiss"]
[EventRounds "9"]
[EventCountry "MKD"]
[Source "lmi"]
[SourceDate "2013.03.09"]

1. e4 e5 2. Nf3 Nc6 3. Bc4 Bc5 4. d3 Nf6 5. Nbd2 O-O 6. O-O a6 7. c3 Ba7 8. h3
d6 9. Bb3 Ne7 10. Re1 Ng6 11. Nf1 Nh5 12. d4 Qe8 13. Ne3 Nhf4 14. Nf5 Ne6 15.
h4 f6 16. h5 Ngf4 17. Bxf4 exf4 18. N3h4 Kh8 19. Bxe6 Bxe6 20. Qg4 Rf7 21. Ng6+
Kg8 22. Nxf4 Kf8 23. Re3 Qd7 24. Rg3 Re8 25. d5 Bxf5 26. exf5 Re5 27. Ne6+ Ke7
28. c4 Qa4 29. b3 Qd7 30. Nxg7 c6 31. Rd1 b5 32. Ne6 cxd5 33. cxd5 Bb6 34. Rc3
Qb7 35. Rdc1 1-0

[Event "Karposh Open 2013"]
[Site "Skopje MKD"]
[Date "2013.03.10"]
[Round "3.61"]
[White "Piskur, Mitja"]
[Black "Dizdarevic, Barbara"]
[Result "1/2-1/2"]
[WhiteElo "2301"]
[BlackElo "1981"]
[PlyCount "120"]
[EventDate "2013.03.09"]
[EventType "swiss"]
[EventRounds "9"]
[EventCountry "MKD"]
[Source "lmi"]
[SourceDate "2013.03.09"]

1. e4 c5 2. Nf3 Nc6 3. d3 g6 4. g3 Bg7 5. Bg2 d6 6. O-O Nf6 7. Nbd2 O-O 8. a4
Rb8 9. c3 b6 10. Re1 Qc7 11. Nc4 Ba6 12. Bf4 Nd7 13. Bf1 Nde5 14. Nfxe5 Nxe5
15. Ne3 Bb7 16. d4 Nc6 17. d5 Ne5 18. h4 Nd7 19. h5 Nf6 20. hxg6 fxg6 21. Bg2
Bc8 22. Qd2 Nh5 23. Bg5 h6 24. g4 hxg5 25. gxh5 gxh5 26. Qe2 g4 27. Nf5 Bf6 28.
Qe3 Bxf5 29. exf5 Kg7 30. Qf4 Rg8 31. Re6 Kf7 32. Qh6 h4 33. Rae1 Qd8 34. R1e4
h3 35. Bf1 Rg5 36. Qh7+ Kf8 37. Bb5 Rg7 38. Qh8+ Rg8 39. Qh5 Rg5 40. Qh7 Rg7
41. Qh6 Kg8 42. Qh5 Qf8 43. Bd7 Qf7 44. Qh6 Bg5 45. Qxg7+ Kxg7 46. Rg6+ Kh8 47.
Rxg5 h2+ 48. Kh1 Qxd5 49. Rgxg4 Rg8 50. Rh4+ Kg7 51. Be6 Qd1+ 52. Kxh2 Rh8 53.
Rxh8 Kxh8 54. Rh4+ Kg7 55. f4 Qe2+ 56. Kg3 Qe3+ 57. Kg2 Qe2+ 58. Kg3 Qe1+ 59.
Kh3 Qf1+ 60. Kg3 Qg1+ 1/2-1/2

[Event "Karposh Open 2013"]
[Site "Skopje MKD"]
[Date "2013.03.10"]
[Round "3.94"]
[White "Uyanik, Mehmet"]
[Black "Gjorshev, Ljupcho"]
[Result "1/2-1/2"]
[WhiteElo "1672"]
[BlackElo "2166"]
[PlyCount "90"]
[EventDate "2013.03.09"]
[EventType "swiss"]
[EventRounds "9"]
[EventCountry "MKD"]
[Source "lmi"]
[SourceDate "2013.03.09"]

1. e4 e5 2. Nf3 Nc6 3. Bb5 Bc5 4. c3 Qf6 5. O-O Nge7 6. d3 h6 7. Be3 Bxe3 8.
fxe3 Qg6 9. Bc4 O-O 10. Qe1 d6 11. Nbd2 Be6 12. Kh1 Bxc4 13. Nxc4 f5 14. exf5
Rxf5 15. e4 Rf4 16. Ne3 Qh5 17. Qd1 Qf7 18. g3 Rf6 19. Ng4 Rxf3 20. Rxf3 Qg6
21. Qb3+ Kh7 22. Ne3 Kh8 23. Raf1 Rg8 24. Rf8 Qg5 25. Rxg8+ Nxg8 26. Rf8 Nce7
27. Nf5 Kh7 28. Nxe7 Nxe7 29. Qd1 d5 30. Qf1 dxe4 31. dxe4 h5 32. Qf3 h4 33.
Kg2 a6 34. Rb8 b6 35. Rb7 Ng6 36. Qf5 Qd2+ 37. Kh3 Kh6 38. Rxc7 Nf4+ 39. gxf4
Qe3+ 40. Kg2 Qe2+ 41. Kg1 Qe1+ 42. Kg2 Qe2+ 43. Kh3 Qf3+ 44. Kxh4 Qf2+ 45. Kg4
Qg2+ 1/2-1/2

[Event "Karposh Open 2013"]
[Site "Skopje MKD"]
[Date "2013.03.11"]
[Round "4.45"]
[White "Mitkovski, Zarko"]
[Black "Zawadzka, Jolanta"]
[Result "0-1"]
[WhiteElo "2170"]
[BlackElo "2374"]
[PlyCount "80"]
[EventDate "2013.03.09"]
[EventType "swiss"]
[EventRounds "9"]
[EventCountry "MKD"]
[Source "lmi"]
[SourceDate "2013.03.09"]

1. e4 c5 2. Nf3 e6 3. d4 cxd4 4. Nxd4 Nc6 5. Be3 Nf6 6. Nc3 Qc7 7. Bd3 a6 8.
Qe2 Be7 9. O-O h5 10. h3 b5 11. f4 b4 12. Na4 Rb8 13. b3 Nxd4 14. Bxd4 h4 15.
Rac1 Bb7 16. c3 Bc6 17. Rf2 a5 18. Be5 d6 19. cxb4 dxe5 20. b5 exf4 21. Rxc6
Qe5 22. Qb2 Nd7 23. Rfc2 O-O 24. Rc7 Qd6 25. Qc3 Bf6 26. Qd2 Qd4+ 27. Kf1 Ne5
28. Be2 Qxe4 29. Nc5 Qf5 30. Nd7 Rfd8 31. Bg4 Nxg4 32. hxg4 Qxb5+ 33. R2c4 Be5
34. R7c6 Rb7 35. R6c5 Rbxd7 36. Rxb5 Rxd2 37. Rxe5 Rxa2 38. Rxf4 Rd1+ 39. Re1
Rxe1+ 40. Kxe1 Rxg2 0-1

[Event "Karposh Open 2013"]
[Site "Skopje MKD"]
[Date "2013.03.11"]
[Round "4.48"]
[White "Kacakovski, Dimitar"]
[Black "Vujic, Mihailo"]
[Result "0-1"]
[WhiteElo "2138"]
[BlackElo "2361"]
[PlyCount "78"]
[EventDate "2013.03.09"]
[EventType "swiss"]
[EventRounds "9"]
[EventCountry "MKD"]
[Source "lmi"]
[SourceDate "2013.03.09"]

1. e4 Nc6 2. Nf3 f5 3. e5 d6 4. Bb5 e6 5. d4 Bd7 6. Nc3 d5 7. a3 Nb8 8. Be2 c5
9. dxc5 Bxc5 10. O-O Ne7 11. b4 Bb6 12. Bg5 h6 13. Bxe7 Qxe7 14. h4 g5 15. b5
g4 16. Nd4 Qc5 17. Nxf5 Qxc3 18. Nd6+ Ke7 19. Bxg4 Qxe5 20. Nf5+ Kd8 21. Re1
Qf4 22. Ne3 Rf8 23. Bf3 Bc7 24. c4 Qh2+ 25. Kf1 Qh1+ 26. Ke2 Qxh4 27. Qb3 a6
28. a4 axb5 29. axb5 Rxa1 30. Rxa1 d4 31. Nf1 e5 32. Nd2 Bf5 33. g3 d3+ 34. Kf1
Qg5 35. Qb4 Qe7 36. c5 e4 37. Nxe4 Bxe4 38. Bxe4 Qf6 39. Ra2 Bxg3 0-1

[Event "Karposh Open 2013"]
[Site "Skopje MKD"]
[Date "2013.03.11"]
[Round "4.89"]
[White "Zemlicka, Vit"]
[Black "Antoniadou, Paraskevi"]
[Result "1/2-1/2"]
[WhiteElo "2043"]
[BlackElo "1732"]
[PlyCount "78"]
[EventDate "2013.03.09"]
[EventType "swiss"]
[EventRounds "9"]
[EventCountry "MKD"]
[Source "lmi"]
[SourceDate "2013.03.09"]

1. e4 d6 2. d4 Nf6 3. Nc3 Nbd7 4. Be3 e5 5. Bc4 Be7 6. f3 c6 7. a4 Qa5 8. Nge2
O-O 9. O-O Qc7 10. Bb3 b6 11. Ng3 Rd8 12. Nf5 Bf8 13. Qe2 Bb7 14. Qf2 exd4 15.
Qg3 Ne5 16. Bxd4 g6 17. f4 c5 18. fxe5 cxd4 19. Nb5 Nxe4 20. Qh4 Qc5 21. Bxf7+
Kh8 22. Bxg6 Rd7 23. Nbxd6 Nxd6 24. Nxd6 Bxd6 25. exd6 d3+ 26. Rf2 Rg7 27. Be4
dxc2 28. Rc1 Qe3 29. Qf4 Qxe4 30. Qd2 Rd8 31. Rxc2 Qxa4 32. Qc3 Qg4 33. Rf7 Be4
34. Rcf2 Rdg8 35. d7 Bd5 36. Rxg7 Qxg7 37. Qxg7+ Kxg7 38. Rd2 Rd8 39. Rxd5 Kf6
1/2-1/2

[Event "Karposh Open 2013"]
[Site "Skopje MKD"]
[Date "2013.03.12"]
[Round "5.59"]
[White "Minas, Ioannis"]
[Black "Ratkovic, Milovan"]
[Result "1/2-1/2"]
[WhiteElo "2019"]
[BlackElo "2291"]
[PlyCount "50"]
[EventDate "2013.03.09"]
[EventType "swiss"]
[EventRounds "9"]
[EventCountry "MKD"]
[Source "lmi"]
[SourceDate "2013.03.09"]

1. e4 c6 2. d4 d5 3. f3 e6 4. Nc3 Bb4 5. Bf4 Nf6 6. Qd3 b6 7. Nge2 Ba6 8. Qe3
O-O 9. a3 Be7 10. Bg5 Ng4 11. Qf4 Bxg5 12. Qxg4 f5 13. Qh3 dxe4 14. fxe4 e5 15.
exf5 Bc8 16. g4 exd4 17. Ne4 Re8 18. Qb3+ Kf8 19. Nxg5 Qxg5 20. Qg3 Ba6 21.
Qd6+ Kg8 22. Qxd4 Nd7 23. h4 Qe7 24. O-O-O Rad8 25. Nc3 Ne5 1/2-1/2

[Event "Karposh Open 2013"]
[Site "Skopje MKD"]
[Date "2013.03.12"]
[Round "5.100"]
[White "Gjorgjevski, Janco"]
[Black "Ipekci, Baris"]
[Result "1-0"]
[WhiteElo "1909"]
[BlackElo "1671"]
[PlyCount "149"]
[EventDate "2013.03.09"]
[EventType "swiss"]
[EventRounds "9"]
[EventCountry "MKD"]
[Source "lmi"]
[SourceDate "2013.03.09"]

1. c4 f5 2. d4 Nf6 3. g3 g6 4. Bg2 Bg7 5. Nf3 O-O 6. O-O d6 7. Nc3 Qe8 8. b3
Na6 9. Bb2 c6 10. e3 Bd7 11. Rc1 Ne4 12. a3 Rc8 13. Ne2 h6 14. Ne1 e6 15. f3
Ng5 16. Qd2 Qe7 17. Nf4 Kh7 18. Nh3 Nxh3+ 19. Bxh3 g5 20. Nd3 Be8 21. Rce1 Bg6
22. b4 Nc7 23. c5 d5 24. Ne5 Bxe5 25. dxe5 Rcd8 26. Rf2 Rd7 27. Bf1 a6 28. Qc1
Qg7 29. a4 Rdd8 30. Bd4 Qd7 31. Qd2 Ra8 32. Qb2 Rg8 33. h3 Rg7 34. Rh2 Rf8 35.
Qe2 Ra8 36. Kf2 h5 37. Qb2 Kg8 38. Bd3 Kf7 39. Qb1 Ke7 40. Rg1 Rag8 41. Rhg2
Bf7 42. Ke2 Rh8 43. Rh1 Qe8 44. Rgh2 Bg6 45. Kd2 Qf7 46. Rf1 f4 47. exf4 Bxd3
48. Qxd3 gxf4 49. g4 hxg4 50. fxg4 Rxg4 51. Rhf2 Rgh4 52. Qf3 Qf5 53. Rg2 Rxh3
54. Qxf4 Qxf4+ 55. Rxf4 Rh2 56. Rfg4 Rxg2+ 57. Rxg2 Rh7 58. Be3 Rf7 59. Rg8 Rf8
60. Rg7+ Kd8 61. Bg5+ Kc8 62. Ke3 Kb8 63. Be7 Rc8 64. Bd6 a5 65. b5 cxb5 66.
axb5 Ka7 67. Bxc7 a4 68. Bb6+ Ka8 69. Rg4 a3 70. Ra4+ Kb8 71. Rxa3 Rh8 72. Ra1
Rh3+ 73. Kf2 d4 74. Rg1 Rh8 75. Kf3 1-0

[Event "Karposh Open 2013"]
[Site "Skopje MKD"]
[Date "2013.03.13"]
[Round "6.60"]
[White "Posedaru, Bogdan"]
[Black "Markovski, Velo"]
[Result "1-0"]
[WhiteElo "2337"]
[BlackElo "2042"]
[PlyCount "132"]
[EventDate "2013.03.09"]
[EventType "swiss"]
[EventRounds "9"]
[EventCountry "MKD"]
[Source "lmi"]
[SourceDate "2013.03.09"]

1. d4 e6 2. c4 f5 3. g3 Bb4+ 4. Nd2 Nf6 5. Bg2 O-O 6. Ngf3 Ne4 7. O-O Nxd2 8.
Nxd2 c5 9. a3 Bxd2 10. Qxd2 cxd4 11. Qxd4 Nc6 12. Qd6 Qf6 13. Ra2 a5 14. b3 Ra6
15. Bb2 Qf7 16. Qd2 Ne7 17. Be5 d5 18. Rc2 dxc4 19. Rxc4 Nc6 20. Bxc6 Rxc6 21.
Rxc6 bxc6 22. Qxa5 Qd7 23. Bc3 f4 24. Qe5 Ba6 25. gxf4 Rf5 26. Qe3 Qd5 27. f3
Qxb3 28. Qd4 Rf6 29. Kf2 Qb5 30. Qd2 Qc5+ 31. Bd4 Qd5 32. Qb2 Rxf4 33. Bxg7
Qc5+ 34. Kg2 Rf5 35. Bd4 Rg5+ 36. Kh1 Qb5 37. Qd2 Rg6 38. Bc3 Qg5 39. Qxg5 Rxg5
40. Rf2 Rc5 41. Rg2+ Kf7 42. Rg7+ Ke8 43. Bb4 Rc1+ 44. Kg2 c5 45. Rc7 Bxe2 46.
Kf2 Bb5 47. Bd2 Rc2 48. Ke3 Bd7 49. h4 e5 50. h5 Ke7 51. Kd3 Ra2 52. Rxc5 Bf5+
53. Ke2 Rxa3 54. Rxe5+ Kf6 55. Rc5 Rb3 56. Kf2 Rb2 57. Ke3 Rb3+ 58. Kf4 Bb1 59.
Rc6+ Kf7 60. Kg4 Rb2 61. Bg5 Bd3 62. Rf6+ Ke8 63. Rd6 Bb1 64. Kf4 Rb4+ 65. Kg3
Rb5 66. f4 Bf5 1-0

[Event "Karposh Open 2013"]
[Site "Skopje MKD"]
[Date "2013.03.14"]
[Round "7.25"]
[White "Stefanova, Antoaneta"]
[Black "Ali Marandi, Cemil Can"]
[Result "1-0"]
[WhiteElo "2530"]
[BlackElo "2371"]
[PlyCount "71"]
[EventDate "2013.03.09"]
[EventType "swiss"]
[EventRounds "9"]
[EventCountry "MKD"]
[Source "lmi"]
[SourceDate "2013.03.09"]

1. d4 d5 2. c4 c6 3. cxd5 cxd5 4. Nc3 Nc6 5. Bf4 e5 6. dxe5 d4 7. Ne4 Qa5+ 8.
Nd2 Nge7 9. Ngf3 Nd5 10. g3 h6 11. h4 Qb6 12. Nc4 Qb4+ 13. Nfd2 Nxf4 14. gxf4
Be7 15. a3 Qb5 16. e4 O-O 17. Bd3 Na5 18. b4 Nxc4 19. Bxc4 Qe8 20. f5 Bd8 21.
Nf3 Bc7 22. Qxd4 Kh7 23. Rd1 Bb6 24. Qd6 Bxf5 25. Ng5+ hxg5 26. exf5 g4 27. Qd5
f6 28. e6 Rd8 29. Qe4 Qa4 30. Qxg4 Rxd1+ 31. Qxd1 Qe8 32. Rg1 Qe7 33. Qh5+ Kg8
34. Qh6 Rc8 35. Rxg7+ Qxg7 36. e7+ 1-0

[Event "Karposh Open 2013"]
[Site "Skopje MKD"]
[Date "2013.03.14"]
[Round "7.27"]
[White "Kadric, Denis"]
[Black "Erturan, Yakup"]
[Result "1-0"]
[WhiteElo "2473"]
[BlackElo "2373"]
[PlyCount "39"]
[EventDate "2013.03.09"]
[EventType "swiss"]
[EventRounds "9"]
[EventCountry "MKD"]
[Source "lmi"]
[SourceDate "2013.03.09"]

1. e4 c6 2. Nc3 d5 3. d3 dxe4 4. Nxe4 Bf5 5. Qe2 e6 6. g4 Bxe4 7. dxe4 e5 8.
Bd2 Bc5 9. O-O-O Qb6 10. Nf3 Nd7 11. Bh3 O-O-O 12. g5 f6 13. Bc3 Ne7 14. Rd3
Ng6 15. Qd2 Qc7 16. Rd1 Ngf8 17. gxf6 gxf6 18. Qh6 Rg8 19. Qxf6 Rg6 20. Qf5 1-0

[Event "Karposh Open 2013"]
[Site "Skopje MKD"]
[Date "2013.03.14"]
[Round "7.57"]
[White "Piskur, Mitja"]
[Black "Hristovski, Srdzan"]
[Result "1-0"]
[WhiteElo "2301"]
[BlackElo "2122"]
[PlyCount "141"]
[EventDate "2013.03.09"]
[EventType "swiss"]
[EventRounds "9"]
[EventCountry "MKD"]
[Source "lmi"]
[SourceDate "2013.03.09"]

1. Nf3 d5 2. g3 c5 3. Bg2 Nc6 4. O-O Nf6 5. d3 e6 6. Nbd2 Be7 7. e4 O-O 8. e5
Nd7 9. Re1 Qc7 10. Qe2 Nb4 11. Nf1 d4 12. h4 Nd5 13. N1h2 Re8 14. Ng5 Nf8 15.
Qh5 Bxg5 16. Bxg5 Bd7 17. Ng4 Bc6 18. Nf6+ Nxf6 19. exf6 Bxg2 20. Kxg2 e5 21.
Re4 Qc6 22. Qf3 Re6 23. h5 Nd7 24. fxg7 f6 25. Bd2 Kxg7 26. Qf5 Rh8 27. Kg1 Kf7
28. Rae1 Ree8 29. h6 Qe6 30. Qh5+ Ke7 31. Rg4 Ref8 32. Rg7+ Rf7 33. f4 Rhf8 34.
b3 Kd6 35. Re4 Qe7 36. Rxf7 Rxf7 37. f5 Rf8 38. Rg4 Rf7 39. Qh1 Nb6 40. Qf3 Nd5
41. Rg8 Qd7 42. g4 Ne7 43. Rh8 Nd5 44. Kf2 Qe7 45. Ra8 a6 46. Qh1 Rf8 47. Rxf8
Qxf8 48. a4 Qe7 49. Ke2 Qd7 50. a5 Qc6 51. Qe4 Qd7 52. Kd1 Qd8 53. Ke2 Qg8 54.
Kf3 Qd8 55. Kg3 Qf8 56. Kh4 Qf7 57. Qg2 Ne7 58. Qf3 Nd5 59. Qe4 Ne7 60. Qg2 Qd5
61. Kg3 Qf7 62. Kh4 Qd5 63. Kh3 Qxg2+ 64. Kxg2 Kd5 65. Kf3 Nc6 66. Be1 Ne7 67.
Bh4 Ng8 68. g5 Ne7 69. g6 Nxf5 70. Bxf6 Nxh6 71. gxh7 1-0

[Event "Karposh Open 2013"]
[Site "Skopje MKD"]
[Date "2013.03.15"]
[Round "8.22"]
[White "Kuljasevic, Davorin"]
[Black "Bogdanovski, Vlatko"]
[Result "1-0"]
[WhiteElo "2564"]
[BlackElo "2444"]
[PlyCount "51"]
[EventDate "2013.03.09"]
[EventType "swiss"]
[EventRounds "9"]
[EventCountry "MKD"]
[Source "lmi"]
[SourceDate "2013.03.09"]

1. d4 Nf6 2. c4 e6 3. Nc3 Bb4 4. Qc2 d6 5. e3 c5 6. Bd3 Nc6 7. Nge2 cxd4 8.
exd4 d5 9. cxd5 exd5 10. a3 Bxc3+ 11. bxc3 h6 12. O-O O-O 13. f3 Na5 14. g4 Ne8
15. Nf4 Nc7 16. Nh5 Bd7 17. Rb1 Ne6 18. Qg2 Bc6 19. f4 f6 20. h4 Be8 21. f5 Nc7
22. Nf4 Bf7 23. Ng6 Re8 24. g5 hxg5 25. hxg5 fxg5 26. Bxg5 1-0

[Event "Karposh Open 2013"]
[Site "Skopje MKD"]
[Date "2013.03.15"]
[Round "8.32"]
[White "Yurtseven, Melih"]
[Black "Berkes, Ferenc"]
[Result "0-1"]
[WhiteElo "2135"]
[BlackElo "2702"]
[PlyCount "84"]
[EventDate "2013.03.09"]
[EventType "swiss"]
[EventRounds "9"]
[EventCountry "MKD"]
[Source "lmi"]
[SourceDate "2013.03.09"]

1. d4 d6 2. Nf3 g6 3. Bf4 Bg7 4. e3 Nd7 5. h3 e5 6. Bh2 Nh6 7. Be2 O-O 8. O-O
f5 9. c4 g5 10. dxe5 dxe5 11. Nc3 c6 12. Qc2 Qe7 13. Rad1 Kh8 14. Rd2 a5 15.
Na4 g4 16. hxg4 fxg4 17. Ne1 Nf6 18. e4 Nf7 19. Nc3 Bh6 20. Nd3 Rg8 21. Re1 Bd7
22. Bf1 Raf8 23. Rdd1 g3 24. Bxg3 Rxg3 25. fxg3 Ng4 26. Rb1 Be3+ 27. Rxe3 Qg5
28. Nf2 Qxe3 29. Ncd1 Qc5 30. Qd2 Nd6 31. b4 axb4 32. Qxb4 Nxe4 33. Qxc5 Nxc5
34. Nxg4 Bxg4 35. Nf2 Bf5 36. Rd1 Kg7 37. g4 Bg6 38. Rd2 Kf6 39. g3 Ra8 40. Kg2
Ra3 41. Be2 e4 42. Nd1 Ke5 0-1

[Event "Karposh Open 2013"]
[Site "Skopje MKD"]
[Date "2013.03.16"]
[Round "9.15"]
[White "Popilski, Gil"]
[Black "Malakhatko, Vadim"]
[Result "1-0"]
[WhiteElo "2520"]
[BlackElo "2571"]
[PlyCount "73"]
[EventDate "2013.03.09"]
[EventType "swiss"]
[EventRounds "9"]
[EventCountry "MKD"]
[Source "lmi"]
[SourceDate "2013.03.09"]

1. e4 e6 2. d4 d5 3. Nc3 Bb4 4. exd5 exd5 5. Bd3 Nf6 6. Nge2 O-O 7. O-O c6 8.
Ng3 Re8 9. Nce2 Bf8 10. c3 b6 11. Nf4 g6 12. h3 Bg7 13. Qf3 Ba6 14. Bxa6 Nxa6
15. Nd3 Ne4 16. Bf4 c5 17. Ne5 f6 18. Ng4 h5 19. Nh6+ Kh7 20. Nhf5 Nxg3 21.
Nxg3 h4 22. Nh5 Bh8 23. Rfe1 Qd7 24. Bh2 f5 25. Be5 Qf7 26. Nf4 Nc7 27. Bxc7
Qxc7 28. Nxd5 Qf7 29. dxc5 bxc5 30. Ne3 Rad8 31. Rad1 Bf6 32. Qc6 Bg5 33. Rxd8
Rxd8 34. Qxc5 Qxa2 35. Nxf5 Qf7 36. Nd6 Qf4 37. Nf7 1-0

[Event "Karposh Open 2013"]
[Site "Skopje MKD"]
[Date "2013.03.16"]
[Round "9.35"]
[White "Mladenovic, Stefan"]
[Black "Parligras, Mircea-Emilian"]
[Result "0-1"]
[WhiteElo "2292"]
[BlackElo "2616"]
[PlyCount "104"]
[EventDate "2013.03.09"]
[EventType "swiss"]
[EventRounds "9"]
[EventCountry "MKD"]
[Source "lmi"]
[SourceDate "2013.03.09"]

1. d4 Nf6 2. Nf3 e6 3. e3 b6 4. Bd3 Bb7 5. O-O c5 6. c4 g6 7. d5 d6 8. e4 e5 9.
Nc3 Bg7 10. a3 O-O 11. b4 Nbd7 12. Nd2 Ne8 13. Qc2 Ndf6 14. Nb3 Nh5 15. Ne2 Bc8
16. a4 f5 17. f3 f4 18. a5 Rb8 19. axb6 axb6 20. bxc5 dxc5 21. Bd2 Qc7 22. Be1
g5 23. h3 Nhf6 24. Bf2 h5 25. Rfb1 g4 26. hxg4 hxg4 27. Kf1 Nd6 28. Nd2 Bd7 29.
Ra3 Nh7 30. Qb2 Nf5 31. fxg4 Ne3+ 32. Bxe3 fxe3+ 33. Nf3 Bxg4 34. Neg1 Ng5 35.
Qe2 Bh6 36. Qxe3 Qf7 37. Qf2 Qg6 38. Re1 Rf4 39. Bc2 Rbf8 40. Rae3 Bh5 41. Qg3
Rg4 42. Qh2 Nh7 43. R3e2 Bf4 44. Qh3 Bg3 45. Rb1 Ng5 46. Rxb6 Nxh3 47. Rxg6+
Rxg6 48. Nxh3 Bxf3 49. gxf3 Rxf3+ 50. Kg1 Bf2+ 51. Kh2 Rh6 52. Kg2 Rhxh3 0-1